Szczegóły MARC21

Psałterz Dawidów. Cz. 1, Fototypia - transkrypcja. List Jana Kochanowskiego do Stanisława Fogelwedera /

003 -Nazwa inst., której nr kontr. jest w polu 001 [,]
    • @
    • Nazwa instytucji, której n kontrolny jest w polu 001
    • NUKAT
005 -DATA I CZAS OSTATNIEJ MODYFIKACJI [,]
    • @
    • pole kontrolne
    • 20241231102403.0
020 -Międzynarod. znormalizowany nr książki - ISBN [ , ]
    • a
    • Numer ISBN
    • 8304006391 Find
020 -Międzynarod. znormalizowany nr książki - ISBN [ , ]
    • a
    • Numer ISBN
    • 8304006715 Find
040 -Instytucja sporządzająca opis [ , ]
    • a
    • Instytucja, która sporządziła opis (NP)
    • TOR U/AP
    • b
    • Język katalogowania
    • pol
    • e
    • Zasady katalogowania
    • rda
    • c
    • Instytucja, która sporządziła rekord (NP)
    • TOR U/KC
    • d
    • Instytucja, która zmodyfikowała rekord (P)
    • TOR U/LF
    • d
    • Instytucja, która zmodyfikowała rekord (P)
    • GD PAN/JSs
    • d
    • Instytucja, która zmodyfikowała rekord (P)
    • KR PAU/MS
    • d
    • Instytucja, która zmodyfikowała rekord (P)
    • TOR U/TL
    • d
    • Instytucja, która zmodyfikowała rekord (P)
    • SZCZ U/ML
942 -Rodzaj dokumentu [ , ]
    • c
    • Rodzaj dokumentu
    • Książka
245 -Strefa tytułu i oznaczenia odpowiedzialności [0,0]
    • a
    • Tytuł
    • Psałterz Dawidów. Find
    • n
    • Oznaczenie części (P)
    • Cz. 1,
    • p
    • Nazwa części (P)
    • Fototypia - transkrypcja. List Jana Kochanowskiego do Stanisława Fogelwedera /
    • c
    • Pozostałe elementy strefy tytułu i oznaczenia odpowiedzialności (NP)
    • oprac. Jerzy Woronczak ; Polska Akademia Nauk. Instytut Badań Literackich.
260 -Strefa adresu wydawniczego [ , ]
    • a
    • Miejsce wydania (P)
    • Wrocław ;
    • a
    • Miejsce wydania (P)
    • Warszawa ;
    • a
    • Miejsce wydania (P)
    • Kraków ;
    • a
    • Miejsce wydania (P)
    • Gdańsk ;
    • a
    • Miejsce wydania (P)
    • Łódź :
    • b
    • Nazwa wydawcy (P)
    • Zakład Narodowy imienia Ossolińskich - Wydawnictwo Polskiej Akademii Nauk,
    • c
    • Data wydania (P)
    • 1982
    • g
    • Data druku (NP)
    • (1983).
300 -Strefa opisu fizycznego [ , ]
    • a
    • Określenie formy książki i/lub objętość (NP)
    • 472 stron, 2 karty złożone luzem :
    • b
    • Oznaczenie ilustracji (NP)
    • errata ;
    • c
    • Format (NP)
    • 25 cm.
336 -Typ zawartości [ , ]
    • a
    • Termin opisujący typ zawartości
    • Tekst
    • b
    • Kod określający zawartość
    • txt
    • 2
    • Źródło (terminu i kodu)
    • rdacontent
337 -Typ mediów [ , ]
    • a
    • Tryb odtwarzania
    • Bez urządzenia pośredniczącego
    • b
    • Kod typu mediów
    • n
    • 2
    • Źródło (terminu i kodu)
    • rdamedia
338 -Typ/rodzaj nośnika [ , ]
    • a
    • Hasło opisujące typ nośnika
    • Wolumin
    • b
    • Kod typu nośnika
    • nc
    • 2
    • Źródło (terminu i kodu)
    • rdacarrier
380 -Deskryptor - Forma dzieła (P) [ , ]
    • a
    • forma dzieła (NP)
    • Poezja
490 -Strefa serii i książki wielotomowej - forma nie do wyszukiwania [1, ]
    • a
    • Tytuł (P)
    • Dzieła wszystkie : wydanie sejmowe / Jan Kochanowski ; red. Jerzy Woronczak ; kom. red. Władysław Floryan [et al.] oraz zespół oprac. Maria Renata Mayenowa [et al.] ; Find
    • v
    • Numeracja (P)
    • t. 1
490 -Strefa serii i książki wielotomowej - forma nie do wyszukiwania [1, ]
    • a
    • Tytuł (P)
    • Biblioteka Pisarzów Polskich. Seria B, Find
    • x
    • ISSN (NP)
    • 0519-864X ;
    • v
    • Numeracja (P)
    • nr 23
830 -Hasło dodatkowe serii i opisu książki wielotomowej - tytuł ujednolicony/tytuł [ ,0]
    • a
    • Tytuł ujednolicony/tytuł (NP)
    • Biblia.
    • p
    • Nazwa części/podserii/sekcji (P)
    • ST.
    • p
    • Nazwa części/podserii/sekcji (P)
    • Księga Psalmów
    • l
    • Język tekstu (NP)
    • (pol. ;
    • f
    • Rok wydania
    • 1983)
    • v
    • Oznaczenie tomu (NP)
    • cz. 1
    • 9
    • KHW
    • 55114
830 -Hasło dodatkowe serii i opisu książki wielotomowej - tytuł ujednolicony/tytuł [ ,0]
    • a
    • Tytuł ujednolicony/tytuł (NP)
    • Biblioteka Pisarzów Polskich.
    • n
    • Oznaczenie części/podserii/sekcji (P)
    • Seria B
    • x
    • ISSN
    • 0519-864X
    • v
    • Oznaczenie tomu (NP)
    • nr 23
    • 9
    • KHW
    • 47057
500 -Uwaga ogólna [ , ]
    • a
    • Uwaga ogólna (NP)
    • Na stronie tytułowej rok wydania 1982, w stopce redakcyjnej: druk ukończono w czerwcu 1983.
500 -Uwaga ogólna [ , ]
    • a
    • Uwaga ogólna (NP)
    • ISBN 83-04-00671-5 na obwolucie.
534 -Uwaga dot. podstawy reprodukcji [ , ]
    • p
    • Określenie wprowadzające
    • Fasc. pierwodruku :
    • c
    • Adres wydawniczy oryginału
    • Kraków : w drukarni Łazarzowej, 1583.
080 -Uniwersalna Klasyfikacja Dziesiętna [ , ]
    • a
    • Symbol klasyfikacji
    • 821.162.1-1
    • 2
    • Identyfikator wydania tablic
    • UDC-P058
    • 9
    • UKD
    • 8011
    • b
    • Dopowiedzenie
    • Literatura polska. - Poezja. Dramat poetycki.
    • 4
    • UKD2
    • 8259
    • x
    • Poddział wspólny
    • "16"
    • c
    • Dopowiedzenie poddz. wspólnego
    • Wiek XVII.
655 -Hasło w funkcji tematu formalnego [ ,7]
    • a
    • Hasło
    • Poezja religijna polska
    • y
    • Określnik chronologiczny
    • 16 w.
    • 2
    • Źródło terminu
    • kaba
    • 9
    • KHW
    • 360142
655 -Hasło w funkcji tematu formalnego [ ,7]
    • a
    • Hasło
    • Poezja religijna polska
    • y
    • Określnik chronologiczny
    • 16 w.
    • v
    • Określnik formy
    • faksymile.
    • 2
    • Źródło terminu
    • kaba
    • 9
    • KHW
    • 360143
980 -Symbol UKD [ , ]
    • a
    • UKD
    • 821.162.1-1"16"
700 -Hasło dodatkowe - nazwa osobowa [1, ]
    • a
    • Nazwa osobowa (NP)
    • Floryan, Władysław Find
    • d
    • Daty biograficzne (NP)
    • (1907-1991).
    • e
    • Określenie rodzaju współpracy
    • Redakcja
    • 9
    • KHW
    • 32012
700 -Hasło dodatkowe - nazwa osobowa [1, ]
    • a
    • Nazwa osobowa (NP)
    • Mayenowa, Maria Renata Find
    • d
    • Daty biograficzne (NP)
    • (1908-1988).
    • e
    • Określenie rodzaju współpracy
    • Redakcja
    • 9
    • KHW
    • 17968
700 -Hasło dodatkowe - nazwa osobowa [1,2]
    • a
    • Nazwa osobowa (NP)
    • Kochanowski, Jan Find
    • d
    • Daty biograficzne (NP)
    • (1530-1584).
    • t
    • Tytuł ujednolicony/tytuł (NP)
    • List Jana Kochanowskiego do Stanisława Fogelwedera Find
    • 9
    • KHW
    • 91847
700 -Hasło dodatkowe - nazwa osobowa [1, ]
    • a
    • Nazwa osobowa (NP)
    • Woronczak, Jerzy Find
    • d
    • Daty biograficzne (NP)
    • (1923-2003).
    • e
    • Określenie rodzaju współpracy
    • Redakcja
    • 9
    • KHW
    • 45551
710 -Hasło dodatkowe - nazwa ciała zbiorowego [2, ]
    • a
    • Nazwa ciała zbiorowego lub nazwa geograficzna jako pierwszy element (NP)
    • Zakład Narodowy im. Ossolińskich.
    • b
    • Nazwa jednostki podrzędnej (P)
    • Wydawnictwo.
    • e
    • Rodzaj współpracy
    • Wydawca
    • 4
    • Kod relacji
    • pbl
    • 9
    • KHW
    • 54188
800 -Hasło dodatkowe opisu książki wielotomowej - nazwa osobowa [1, ]
    • a
    • Nazwa osobowa (NP)
    • Kochanowski, Jan
    • d
    • Daty biograficzne (NP)
    • (1530-1584).
    • t
    • Tytuł ujednolicony/tytuł (NP)
    • Dzieła wszystkie: wydanie sejmowe
    • v
    • Oznaczenie tomu (NP)
    • t. 1
    • 9
    • KHW
    • 55111
920 -ISBN [ , ]
    • a
    • ISBN
    • 83-04-00639-1 Find
920 -ISBN [ , ]
    • a
    • ISBN
    • 83-04-00671-5 Find
Data inwentaryzacji Status udost. Sygnatura Lokalizacja Obwoluta Numer inwentarzowy
1998-09-11-3W.110554BG W.112426
1998-09-11-3W.110554BG W.112427
1998-09-11-3W.110554BG W.112428
1998-09-111Z.52563BG Z.53198
2001-04-02-3 BG W.203966
2019-06-101 BM1Q.1805
1998-09-111POL. Jan Kochanowski 02BM P.4051